| 000 | 00000nam##2200000za#4500 |
| 001 | 9.644196 |
| 003 | CaOODSP |
| 005 | 20210624224531 |
| 007 | cr ||||||||||| |
| 008 | 150407|1985||||xxc|||||o f|0| 0 fre|d |
| 040 | |aCaOODSP|bfre |
| 043 | |an-cn--- |
| 086 | 1 |aA15-5200/1985F-PDF |
| 110 | 1 |aCanada.|bAgriculture Canada. |bDirection générale des communications. |
| 245 | 10|aLes carrières dans le circuit agro-alimentaire |h[ressource électronique] |
| 260 | |aOttawa - Ontario : |bAgriculture Canada. |cc1985. |
| 300 | |a16p.|bill. en couleur |
| 500 | |aPublication historique numérisée par Agriculture et Agroalimentaire Canada. |
| 590 | |a15-02-Supp|b2015-02-16 |
| 775 | 08|tCareers in the agri-food system |w(CaOODSP)9.700301 |
| 856 | 40|ahttp://publications.gc.ca|qPDF|s1631 Ko|uhttps://publications.gc.ca/collections/collection_2015/aac-aafc/A15-5200-1985-fra.pdf |
| 986 | |aPublication 5200/F |